000 00908npm a2200241 i 4500
001 5196
003 ES-MaACL
005 20230909113321.0
007 hzrazu bucu
008 900423r19901866fr a 00010 fre d
080 _a61(05)(447.1)
080 _a05(44)
245 0 0 _aMemoires et Bulletins de la Societe Medico-Chirurgicale des Hospitaux et Hospices de Bordeaux
_b: [Microforma].
260 _aMadrid :
_bAteneo Cientifico, Literario y Artistico,
_c1990.
300 _a1 carrete de microfilme :
_bnegativo ;
_c16 mm.
500 _aPublicado originalmente: Bordeaux, Chaumas-Gay et G. Gounouilhou), 1866-1870, periodicidad anual.
505 8 _aCarrete n. 1: 1866 a 1870
650 1 4 _aObras de 1800.
_915662
710 1 _aSocieté Medico-Chirurgicale des Hospitaux et Hospices de Bordeaux.
_96862
852 _aES-MaACL
_jMC-635
_95313
942 _2udc
_cMICROFORMA
999 _c5196
_d5196